FIFA 21 Top 10 Right Wingers - Statistics

General Stats
  • This quiz has been taken 167 times
  • The average score is 5 of 10
Answer Stats
Rank Player OVA % Correct
1 Lionel Messi 93
99%
2 Mohamed Salah 90
87%
5 Ángel Di María 87
62%
7 Riyad Mahrez 85
61%
6 Serge Gnabry 85
56%
3 Jadon Sancho 88
48%
4 Bernardo Silva 87
43%
10 Achraf Hakimi 83
11%
9 Jesús Manuel Corona 84
4%
8 Pizzi 84
4%
No matching quizzes found
Score Distribution
Percent of People with Each Score
Percentile by Number Answered
Your Score History
You have not taken this quiz